ロード中...

SAVITRI

書誌詳細
第一著者: MAHOPADHYAYA NILAKANDA SASTRI S
フォーマット: Printed Book
出版事項: 1946
主題:
LEADER 00368nam a2200169 4500
020
082
100 |a MAHOPADHYAYA NILAKANDA SASTRI S 
245 |a SAVITRI  |h SANSKRIT 
250
260 |c 1946 
300 |f PB 
650 |a SAVITRI 
700
942 |c BK 
999 |c 163168  |d 163168 
952 |0 0  |1 0  |4 0  |7 0  |9 176625  |a ORI  |b ORI  |l 0  |p ORIS5132  |r 2019-10-25  |w 2019-10-25  |y BK